[Event "Wiesbaden op 26th"]
[Site "Wiesbaden"]
[Date "2014.08.28"]
[Round "1"]
[White "De Visser, Leon"]
[Black "Binfet, Daniel"]
[Result "1-0"]
[WhiteElo "2204"]
[BlackElo "1817"]
[PlyCount "59"]
[EventDate "2014.08.28"]
[EventType "swiss"]
[EventRounds "7"]
[EventCountry "GER"]
[SourceTitle "CBM 162 Extra"]
[Source "ChessBase"]
[SourceDate "2014.10.17"]
[SourceVersion "1"]
[SourceVersionDate "2014.10.17"]
[SourceQuality "1"]

1. c4 Nf6 2. g3 e5 3. Bg2 Nc6 4. Nc3 d6 5. d3 h6 6. e4 Be7 7. Nge2 Be6 8. f4 Bg4 9. 0-0 Nd4 10. h3 Nxe2+ 11. Nxe2 Bxe2 12. Qxe2 c5 13. Bd2 0-0 14. Bc3 Nd7 15. Rab1 a5 16. Rf2 Bf6 17. Rbf1 Qe7 18. Bf3 g6 19. Qd2 Bg7 20. Bd1 a4 21. Kh2 Nf6 22. Rf3 h5 23. Qf2 Nd7 24. f5 Bf6 25. h4 a3 26. b4 b6 27. Bd2 g5 28. hxg5 Bh8 29. f6 Qe6 30. Rf5 1-0

[Event "Wiesbaden op 25th"]
[Site "Wiesbaden"]
[Date "2013.08.24"]
[Round "5"]
[White "Binfet, Daniel"]
[Black "Liez, Franziska"]
[Result "1/2-1/2"]
[WhiteElo "1670"]
[BlackElo "1841"]
[PlyCount "92"]
[EventDate "2013.08.22"]
[EventType "swiss"]
[EventRounds "7"]
[EventCountry "GER"]
[SourceTitle "EXT 2014"]
[Source "ChessBase"]
[SourceDate "2013.11.20"]
[SourceVersion "1"]
[SourceVersionDate "2013.11.20"]
[SourceQuality "1"]

1. e4 e5 2. Nf3 Nc6 3. Bb5 a6 4. Ba4 Nf6 5. 0-0 b5 6. Bb3 Be7 7. Re1 Bb7 8. c3 0-0 9. d3 d6 10. Bg5 h6 11. Bxf6 Bxf6 12. Nbd2 Re8 13. Nf1 Na5 14. Bc2 d5 15. d4 dxe4 16. Bxe4 Bxe4 17. Rxe4 exd4 18. Rxe8+ Qxe8 19. Nxd4 Rd8 20. Qc2 Bxd4 21. cxd4 Qd7 22. d5 Nc4 23. Rc1 Qxd5 24. b3 Nb6 25. Ne3 Qe6 26. Nf1 Rd7 27. h3 Nd5 28. Ng3 Nb4 29. Qb1 Qb6 30. Qf5 Qd6 31. Re1 Rd8 32. Qg4 Nd5 33. Rd1 Qg6 34. Qf3 c6 35. Nf5 Re8 36. Nd4 Ne7 37. Qc3 Rc8 38. Qc5 Qg5 39. Qa7 c5 40. Nf3 Qf6 41. Re1 Nf5 42. Ne5 Nd4 43. Nd7 Qc6 44. Ne5 Qf6 45. Nd7 Qd6 46. Ne5 Qf6 1/2-1/2

[Event "Wiesbaden op 25th"]
[Site "Wiesbaden"]
[Date "2013.08.22"]
[Round "1"]
[White "Binfet, Daniel"]
[Black "Leidorf, Sebastian"]
[Result "0-1"]
[WhiteElo "1670"]
[BlackElo "2037"]
[PlyCount "82"]
[EventDate "2013.08.22"]
[EventType "swiss"]
[EventRounds "7"]
[EventCountry "GER"]
[SourceTitle "EXT 2014"]
[Source "ChessBase"]
[SourceDate "2013.11.20"]
[SourceVersion "1"]
[SourceVersionDate "2013.11.20"]
[SourceQuality "1"]

1. e4 e6 2. d4 d5 3. Nc3 Nf6 4. e5 Nfd7 5. Bd3 c5 6. Nf3 cxd4 7. Nxd4 Nxe5 8. 0-0 Nxd3 9. Qxd3 Nc6 10. Bf4 Bd6 11. Bxd6 Qxd6 12. Ncb5 Qd7 13. Qg3 0-0 14. Nxc6 bxc6 15. Nc7 Rb8 16. Nxe6 fxe6 17. Qxb8 Ba6 18. Qe5 Bxf1 19. Rxf1 Rf5 20. Qe3 e5 21. f3 Qc7 22. Re1 Qb6 23. Qxb6 axb6 24. Kf2 h5 25. Re3 Kf7 26. Ra3 Rf6 27. Ke3 Rg6 28. g3 Ke7 29. Rd3 b5 30. c3 Kd6 31. b3 h4 32. g4 Rf6 33. a4 bxa4 34. bxa4 Rf4 35. Rd4 exd4+ 36. Kxf4 g5+ 37. Kxg5 dxc3 38. Kf6 c2 39. g5 c1Q 40. g6 Qf4+ 41. Kg7 Ke7 0-1

[Event "Hessen-ch U14"]
[Site "Bad Homburg"]
[Date "2012.??.??"]
[Round "7"]
[White "Bach, Christopher"]
[Black "Binfet, Daniel"]
[Result "1-0"]
[WhiteElo "1441"]
[BlackElo "1187"]
[PlyCount "89"]
[EventDate "2012.04.??"]
[EventType "swiss"]
[EventRounds "9"]
[EventCountry "GER"]
[SourceTitle "EXT 2015"]
[Source "ChessBase"]
[SourceDate "2014.11.20"]
[SourceVersion "1"]
[SourceVersionDate "2014.11.20"]
[SourceQuality "1"]

1. e4 c5 2. Nf3 d6 3. d4 cxd4 4. Nxd4 Nf6 5. Nc3 g6 6. Be3 Bg7 7. f3 Nc6 8. Qd2 0-0 9. 0-0-0 a6 10. Bc4 b5 11. Bb3 Nxd4 12. Bxd4 Bd7 13. h4 a5 14. h5 Nxh5 15. Bxg7 Kxg7 16. Rxh5 gxh5 17. Qg5+ Kh8 18. Rh1 Rg8 19. Qxh5 Rg7 20. Ne2 Be6 21. Nd4 Bxb3 22. Nf5 Qf8 23. Nxg7 Qxg7 24. axb3 a4 25. Qd5 Ra7 26. Qxb5 Ra8 27. bxa4 Qxg2 28. Rd1 Qxf3 29. Qc6 Qe3+ 30. Kb1 Qa7 31. b3 Qb8 32. Rh1 Qb7 33. Qc3+ f6 34. Qd3 Rg8 35. Rh4 Qb4 36. Qe2 Qd4 37. Rg4 Rxg4 38. Qxg4 Qe5 39. Qf5 h5 40. a5 h4 41. a6 Qg3 42. Ka2 Qh2 43. Qc8+ Kg7 44. a7 Qf2 45. a8Q 1-0

[Event "Hessen-ch U14"]
[Site "Bad Homburg"]
[Date "2012.??.??"]
[Round "8"]
[White "Binfet, Daniel"]
[Black "Grosser, Maurice"]
[Result "1-0"]
[WhiteElo "1187"]
[BlackElo "1073"]
[PlyCount "67"]
[EventDate "2012.04.??"]
[EventType "swiss"]
[EventRounds "9"]
[EventCountry "GER"]
[SourceTitle "EXT 2015"]
[Source "ChessBase"]
[SourceDate "2014.11.20"]
[SourceVersion "1"]
[SourceVersionDate "2014.11.20"]
[SourceQuality "1"]

1. e4 e5 2. Nf3 Nc6 3. Bb5 Bd6 4. 0-0 Nf6 5. Re1 0-0 6. c3 a6 7. Ba4 Qe7 8. Bc2 b6 9. d4 Bb7 10. Bg5 h6 11. Bh4 Qe6 12. d5 Qe7 13. dxc6 Bxc6 14. Nbd2 a5 15. Nf1 Qe6 16. N3d2 g6 17. f3 Bc5+ 18. Bf2 Bxf2+ 19. Kxf2 Nh5 20. Ng3 Nxg3 21. hxg3 Kh7 22. Bb3 Qf6 23. Rh1 g5 24. g4 b5 25. Nf1 Bxe4 26. Bd5 Bxd5 27. Qxd5 Qb6+ 28. Ke2 d6 29. Ne3 Qa6 30. Nf5 b4+ 31. c4 Rab8 32. Rxh6+ Kg8 33. Rah1 Rfe8 34. Rh8# 1-0

[Event "Hessen-ch U14"]
[Site "Bad Homburg"]
[Date "2012.??.??"]
[Round "9"]
[White "Oezdemir, Ali Oezden"]
[Black "Binfet, Daniel"]
[Result "1-0"]
[WhiteElo "1132"]
[BlackElo "1187"]
[PlyCount "103"]
[EventDate "2012.04.??"]
[EventType "swiss"]
[EventRounds "9"]
[EventCountry "GER"]
[SourceTitle "EXT 2015"]
[Source "ChessBase"]
[SourceDate "2014.11.20"]
[SourceVersion "1"]
[SourceVersionDate "2014.11.20"]
[SourceQuality "1"]

1. e4 e5 2. Nf3 Nc6 3. Bc4 Nf6 4. d3 Be7 5. c3 0-0 6. Bb3 d6 7. 0-0 Be6 8. Bc2 Nd7 9. Nbd2 f5 10. Re1 f4 11. Nb3 Bg4 12. d4 Bf6 13. dxe5 dxe5 14. Qd5+ Kh8 15. Nfd2 Qe8 16. f3 Nb6 17. Qc5 Bh5 18. Qf2 g5 19. h3 Bg6 20. Nc5 Rb8 21. Ndb3 h5 22. a4 Rg8 23. a5 Nc4 24. Bd3 Nd6 25. Nd2 Bf7 26. Be2 Be7 27. b4 b6 28. axb6 cxb6 29. Nd3 Be6 30. Bb2 Nc4 31. Nxc4 Bxc4 32. Nxe5 Bxe2 33. Nxc6 Qxc6 34. Qxe2 Qc7 35. Red1 a5 36. c4+ Kh7 37. bxa5 bxa5 38. Rd5 Qb6+ 39. Bd4 Qg6 40. Rdxa5 Rbd8 41. Rd5 Rxd5 42. cxd5 Bf6 43. Bxf6 Qxf6 44. e5 Qg7 45. Qe4+ Kh8 46. d6 Rd8 47. Ra8 Qd7 48. Rxd8+ Qxd8 49. Qd4 Kg8 50. e6 h4 51. d7 Kf8 52. Qd6+ 1-0

[Event "Hessen-ch U14"]
[Site "Bad Homburg"]
[Date "2012.??.??"]
[Round "3"]
[White "Rothermel, Henrik"]
[Black "Binfet, Daniel"]
[Result "0-1"]
[WhiteElo "842"]
[BlackElo "1187"]
[PlyCount "108"]
[EventDate "2012.04.??"]
[EventType "swiss"]
[EventRounds "9"]
[EventCountry "GER"]
[SourceTitle "EXT 2015"]
[Source "ChessBase"]
[SourceDate "2014.11.20"]
[SourceVersion "1"]
[SourceVersionDate "2014.11.20"]
[SourceQuality "1"]

1. e4 c5 2. Bc4 e6 3. Nc3 Nc6 4. Nf3 Nge7 5. Nb5 d5 6. exd5 exd5 7. Bb3 c4 8. Ba4 a6 9. Nbd4 b5 10. Qe2 Qb6 11. c3 bxa4 12. 0-0 g6 13. Re1 Bg4 14. Nxc6 Qxc6 15. h3 Bf5 16. Qe5 f6 17. Qe3 Be4 18. Nd4 Qd6 19. b3 Kf7 20. f3 Nf5 21. Nxf5 Bxf5 22. b4 Qc6 23. Ba3 a5 24. b5 Qxb5 25. Bxf8 Rhxf8 26. Qh6 g5 27. g4 Bg6 28. h4 Rae8 29. h5 Bd3 30. f4 gxf4 31. Qxf4 Qb6+ 32. Re3 Rxe3 33. dxe3 Qb2 34. Re1 f5 35. Qc7+ Kg8 36. h6 Qxc3 37. Qg3 Kh8 38. Kh2 fxg4 39. Qxg4 Qb2+ 40. Qg2 Rf2 41. Rg1 Rxg2+ 42. Rxg2 Qe5+ 43. Kg1 Qxe3+ 44. Rf2 c3 45. Kg2 Qxh6 46. Kf3 c2 47. Rxc2 Bxc2 48. Kg4 Qf6 49. Kg3 Be4 50. Kg4 Qf5+ 51. Kg3 Qf3+ 52. Kh4 h5 53. Kg5 Qf5+ 54. Kh6 Qg6# 0-1